[Event "British Columbia op"]
[Site "Richmond CAN"]
[Date "2013.02.11"]
[Round "5.1"]
[White "Villavieja, Butch"]
[Black "Sohal, Tanraj"]
[Result "0-1"]
[WhiteElo "2304"]
[BlackElo "2205"]
[PlyCount "106"]
[GameId "2160767909381827"]
[EventDate "2013.02.09"]
[EventType "swiss"]
[EventRounds "5"]
[EventCountry "CAN"]

1. e4 c5 2. Nf3 Nc6 3. c3 d5 4. exd5 Qxd5 5. d4 e6 6. Be2 Nf6 7. O-O cxd4 8. cxd4 Be7 9. Nc3 Qd6 10. g3 O-O 11. Bf4 Qd8 12. Qd2 b6 13. Rfd1 Nb4 14. Ne5 Bb7 15. Rac1 Rc8 16. a3 Nbd5 17. Bf3 Ba8 18. Nb5 Rxc1 19. Qxc1 Nxf4 20. Qxf4 Nd5 21. Qc1 a6 22. Na7 Bf6 23. Nac6 Qd6 24. Rd3 Bb7 25. Rb3 b5 26. Na5 Rc8 27. Qe1 Ba8 28. Rd3 Qc7 29. Kg2 h6 30. h4 Rd8 31. Kh2 Rc8 32. Be4 Qc1 33. Qxc1 Rxc1 34. Rd2 Ne3 35. fxe3 Bxe4 36. g4 Bxh4 37. Kh3 Be1 38. Nb3 Bxd2 39. Nxd2 Bd5 40. e4 Rc2 41. Nef3 Bb7 42. b3 Ra2 43. Kg3 Rxa3 44. Kf4 f6 45. Ne1 Ra2 46. Ke3 Rxd2 47. Kxd2 Bxe4 48. b4 Kf7 49. Ke3 f5 50. Kf4 Kf6 51. gxf5 exf5 52. d5 g5+ 53. Ke3 Ke5 0-1

[Event "British Columbia-ch"]
[Site "Vancouver CAN"]
[Date "2013.10.11"]
[Round "1.1"]
[White "Cao, Jason"]
[Black "Pechisker, Alfred"]
[Result "0-1"]
[WhiteElo "2359"]
[BlackElo "2285"]
[PlyCount "94"]
[GameId "2160767909229186"]
[EventDate "2013.10.11"]
[EventType "tourn"]
[EventRounds "7"]
[EventCountry "CAN"]
[SourceTitle "EXT 2022"]
[Source "ChessBase"]
[SourceDate "2021.10.06"]
[SourceVersion "1"]
[SourceVersionDate "2021.10.06"]
[SourceQuality "1"]

1. e4 c5 2. Nf3 d6 3. d4 cxd4 4. Nxd4 Nf6 5. Nc3 a6 6. Be3 Qc7 7. f3 b5 8. Qd2 Bb7 9. a3 Nc6 10. g4 e6 11. g5 Nd7 12. Nxc6 Bxc6 13. O-O-O Be7 14. h4 Qa5 15. Bd4 e5 16. Be3 Rb8 17. Nd5 Qxd2+ 18. Rxd2 Bxd5 19. Rxd5 Nb6 20. Rd1 Kd7 21. Rh2 Nc4 22. Bxc4 bxc4 23. f4 f6 24. f5 Rb5 25. gxf6 gxf6 26. Rg2 Rhb8 27. c3 Bf8 28. h5 Kc6 29. a4 Ra5 30. Kc2 Rxa4 31. Rg8 Ra2 32. Rb1 d5 33. Rh8 dxe4 34. h6 a5 35. Rxh7 a4 36. Rf7 a3 37. Bc1 axb2 38. Rxb2 Raxb2+ 39. Bxb2 e3 40. Bc1 Bc5 41. Kd1 Kd5 42. Ke2 Ke4 43. Rxf6 Ra8 44. Rc6 Ra2+ 45. Ke1 Be7 46. f6 Bd8 47. f7 Bh4+ 0-1

[Event "British Columbia-ch"]
[Site "Vancouver CAN"]
[Date "2013.10.11"]
[Round "1.3"]
[White "Villavieja, Butch"]
[Black "Lo, Ryan"]
[Result "0-1"]
[WhiteElo "2229"]
[BlackElo "2198"]
[PlyCount "116"]
[GameId "2160767909229188"]
[EventDate "2013.10.11"]
[EventType "tourn"]
[EventRounds "7"]
[EventCountry "CAN"]
[SourceTitle "EXT 2022"]
[Source "ChessBase"]
[SourceDate "2021.10.06"]
[SourceVersion "1"]
[SourceVersionDate "2021.10.06"]
[SourceQuality "1"]

1. d4 Nf6 2. Bg5 Ne4 3. Bf4 d5 4. f3 Nf6 5. Nc3 c5 6. e4 e6 7. Nb5 Na6 8. e5 Nd7 9. c3 Qb6 10. a4 Be7 11. Be3 O-O 12. f4 cxd4 13. Bxd4 Qc6 14. Nxa7 Rxa7 15. Bxa7 b6 16. a5 Nac5 17. Nf3 bxa5 18. Rxa5 Qc7 19. Ra1 f6 20. Bb5 fxe5 21. O-O Rxf4 22. Nd2 e4 23. b4 Nd3 24. Bxd3 exd3 25. Rxf4 Qxf4 26. Nf3 Qc4 27. Bd4 Bf6 28. Qe1 Nf8 29. Ne5 Qb3 30. Qd2 Bxe5 31. Bxe5 Ng6 32. Qg5 Nxe5 33. Qxe5 d2 34. Qe2 Qxc3 35. Rd1 Qxb4 36. Rxd2 Qb6+ 37. Kh1 Ba6 38. Qe1 d4 39. Qe4 d3 40. Qa8+ Kf7 41. Qf3+ Ke7 42. Rf2 Kd6 43. h3 Bc4 44. Qf8+ Kd5 45. Rf7 Qd6 46. Qa8+ Kc5 47. Qa5+ Kc6 48. Qa8+ Kc5 49. Qa7+ Kb4 50. Rd7 Qc5 51. Qa1 Qa5 52. Qb2+ Ka4 53. Qd4 Qb4 54. Qa7+ Kb3 55. Qd4 Qc3 56. Rb7+ Kc2 57. Qg1 Bb3 58. Qe3 d2 0-1

[Event "British Columbia-ch"]
[Site "Vancouver CAN"]
[Date "2013.10.11"]
[Round "1.4"]
[White "Sohal, Tanraj"]
[Black "Wu, Howard"]
[Result "1-0"]
[WhiteElo "2260"]
[BlackElo "2252"]
[PlyCount "61"]
[GameId "2160767909229189"]
[EventDate "2013.10.11"]
[EventType "tourn"]
[EventRounds "7"]
[EventCountry "CAN"]
[SourceTitle "EXT 2022"]
[Source "ChessBase"]
[SourceDate "2021.10.06"]
[SourceVersion "1"]
[SourceVersionDate "2021.10.06"]
[SourceQuality "1"]

1. d4 Nf6 2. c4 g6 3. Nc3 d5 4. Bg5 Ne4 5. Bh4 Nxc3 6. bxc3 dxc4 7. e3 Be6 8. Nf3 Bg7 9. Qb1 Qd5 10. Be2 Nd7 11. O-O Bf5 12. Qb4 c5 13. Qxc4 Be4 14. Qa4 cxd4 15. cxd4 Qf5 16. Rac1 Bc6 17. Qb4 f6 18. Rfd1 Qe4 19. Bd3 Qg4 20. h3 Qh5 21. e4 a5 22. Qa3 Nf8 23. d5 Bd7 24. e5 g5 25. g4 Qh6 26. e6 gxh4 27. exd7+ Nxd7 28. Bb5 Rd8 29. Qa4 f5 30. Bxd7+ Rxd7 31. Rc8+ 1-0

[Event "British Columbia-ch"]
[Site "Vancouver CAN"]
[Date "2013.10.12"]
[Round "2.1"]
[White "Pechisker, Alfred"]
[Black "Wu, Howard"]
[Result "1-0"]
[WhiteElo "2285"]
[BlackElo "2252"]
[PlyCount "87"]
[GameId "2160767909229190"]
[EventDate "2013.10.11"]
[EventType "tourn"]
[EventRounds "7"]
[EventCountry "CAN"]
[SourceTitle "EXT 2022"]
[Source "ChessBase"]
[SourceDate "2021.10.06"]
[SourceVersion "1"]
[SourceVersionDate "2021.10.06"]
[SourceQuality "1"]

1. d4 Nf6 2. c4 c5 3. d5 b5 4. cxb5 a6 5. bxa6 g6 6. Nc3 Bxa6 7. e4 Bxf1 8. Kxf1 d6 9. g3 Bg7 10. Kg2 O-O 11. Nf3 Nbd7 12. Qe2 Qc7 13. a4 Rfb8 14. Ra3 Rb4 15. b3 Qb7 16. Nd2 e6 17. dxe6 fxe6 18. Re1 Ne5 19. f4 Nc6 20. Nb5 Nd4 21. Nxd4 Rxd4 22. Qf3 Qb4 23. Re2 Rd8 24. Ra2 d5 25. Ba3 Qa5 26. e5 Nd7 27. Qe3 Qa6 28. Rf2 Rb8 29. Rc2 Rd3 30. Qe2 c4 31. Bd6 Rc8 32. bxc4 dxc4 33. Nxc4 Qa8+ 34. Kh3 Rd4 35. a5 Rc6 36. Ne3 Ra6 37. Rc7 Nf8 38. Nc4 Qd5 39. Rf3 Qb5 40. Rc5 Qb7 41. Rd3 Re4 42. Qf3 Nd7 43. Rc7 Qa8 44. Nd2 1-0

[Event "British Columbia-ch"]
[Site "Vancouver CAN"]
[Date "2013.10.12"]
[Round "2.2"]
[White "Lo, Ryan"]
[Black "Sohal, Tanraj"]
[Result "0-1"]
[WhiteElo "2198"]
[BlackElo "2260"]
[PlyCount "76"]
[GameId "2160767909229191"]
[EventDate "2013.10.11"]
[EventType "tourn"]
[EventRounds "7"]
[EventCountry "CAN"]
[SourceTitle "EXT 2022"]
[Source "ChessBase"]
[SourceDate "2021.10.06"]
[SourceVersion "1"]
[SourceVersionDate "2021.10.06"]
[SourceQuality "1"]

1. d4 Nf6 2. c4 e6 3. Nc3 Bb4 4. e3 O-O 5. Bd3 d5 6. a3 Bxc3+ 7. bxc3 dxc4 8. Bxc4 c5 9. Nf3 Qc7 10. Ba2 Nbd7 11. O-O b6 12. Re1 Bb7 13. Bb2 e5 14. Nd2 Rad8 15. e4 b5 16. Rc1 Nb6 17. Bb1 c4 18. Re3 a5 19. Rh3 h6 20. Qf3 Na4 21. Ba1 Qe7 22. Bc2 Qxa3 23. Qd1 Nb6 24. Rb1 Bc6 25. f4 exf4 26. e5 Nh7 27. Qh5 Qe7 28. Bxh7+ Kxh7 29. Qf5+ Kg8 30. Qxf4 f6 31. Rg3 Kh8 32. Re1 fxe5 33. Rxe5 Qa3 34. Rf5 Qxa1+ 35. Nf1 Rxf5 36. Qxf5 b4 37. Qc5 bxc3 38. Qxb6 Rf8 0-1

[Event "British Columbia-ch"]
[Site "Vancouver CAN"]
[Date "2013.10.12"]
[Round "2.3"]
[White "Cheng, Jack"]
[Black "Villavieja, Butch"]
[Result "0-1"]
[WhiteElo "2266"]
[BlackElo "2229"]
[PlyCount "86"]
[GameId "2160767909229192"]
[EventDate "2013.10.11"]
[EventType "tourn"]
[EventRounds "7"]
[EventCountry "CAN"]
[SourceTitle "EXT 2022"]
[Source "ChessBase"]
[SourceDate "2021.10.06"]
[SourceVersion "1"]
[SourceVersionDate "2021.10.06"]
[SourceQuality "1"]

1. e4 c5 2. Nf3 d6 3. d4 cxd4 4. Nxd4 Nf6 5. Nc3 a6 6. Be2 e5 7. Nb3 Be7 8. Be3 Be6 9. O-O O-O 10. Qd3 Nbd7 11. Nd5 Bxd5 12. exd5 Nb6 13. c4 Na4 14. Rab1 Rc8 15. Nd2 Nc5 16. Qc2 a5 17. Nb3 Na6 18. Qd1 Nd7 19. Bd2 b6 20. Bc3 f5 21. f4 a4 22. Nd2 Nac5 23. Nf3 Bf6 24. fxe5 dxe5 25. d6 Kh8 26. Qd5 Ne4 27. Bb4 g6 28. Kh1 Bg7 29. Rbd1 Qf6 30. Nd2 Nec5 31. Nf3 g5 32. Bc3 Ne4 33. Bb4 Qh6 34. Be1 Rcd8 35. Qb5 g4 36. Nd2 Nxd6 37. Qxa4 e4 38. Bg3 f4 39. Be1 f3 40. gxf3 gxf3 41. Nxf3 exf3 42. Bxf3 Be5 43. Rd2 Qh3 0-1

[Event "British Columbia-ch"]
[Site "Vancouver CAN"]
[Date "2013.10.12"]
[Round "2.4"]
[White "Cao, Jason"]
[Black "Yoos, John"]
[Result "1/2-1/2"]
[WhiteElo "2359"]
[BlackElo "2381"]
[PlyCount "92"]
[GameId "2160767909229193"]
[EventDate "2013.10.11"]
[EventType "tourn"]
[EventRounds "7"]
[EventCountry "CAN"]
[SourceTitle "EXT 2022"]
[Source "ChessBase"]
[SourceDate "2021.10.06"]
[SourceVersion "1"]
[SourceVersionDate "2021.10.06"]
[SourceQuality "1"]

1. e4 c5 2. Nf3 e6 3. d4 cxd4 4. Nxd4 Nf6 5. Nc3 Nc6 6. Ndb5 Bc5 7. Bf4 O-O 8. Bc7 Qe7 9. Bd6 Bxd6 10. Qxd6 Ne8 11. Qxe7 Nxe7 12. O-O-O f5 13. Nd6 Nxd6 14. Rxd6 fxe4 15. Nxe4 Nf5 16. Rd2 d5 17. Ng5 Nh4 18. g3 Nf3 19. Nxf3 Rxf3 20. Bg2 Rf7 21. f4 Bd7 22. Re1 Kf8 23. Re5 Re8 24. Rde2 g6 25. h4 Rf5 26. R5e3 Kf7 27. Bh3 Rf6 28. Re5 Rc8 29. Kd2 Rc6 30. Bg4 Ra6 31. a3 h5 32. Bf3 Rb6 33. Kc1 Bb5 34. Rd2 Bf1 35. Rd4 Kg7 36. Re1 Bh3 37. c4 Rb3 38. Bd1 Rxg3 39. cxd5 exd5 40. Re7+ Rf7 41. Rxf7+ Kxf7 42. Rxd5 Bg2 43. Rg5 Rxg5 44. fxg5 Be4 45. Kd2 Ke6 46. Ke3 Ke5 1/2-1/2

[Event "British Columbia-ch"]
[Site "Vancouver CAN"]
[Date "2013.10.12"]
[Round "3.1"]
[White "Yoos, John"]
[Black "Pechisker, Alfred"]
[Result "1-0"]
[WhiteElo "2381"]
[BlackElo "2285"]
[PlyCount "63"]
[GameId "2160767909229194"]
[EventDate "2013.10.11"]
[EventType "tourn"]
[EventRounds "7"]
[EventCountry "CAN"]
[SourceTitle "EXT 2022"]
[Source "ChessBase"]
[SourceDate "2021.10.06"]
[SourceVersion "1"]
[SourceVersionDate "2021.10.06"]
[SourceQuality "1"]

1. e4 c6 2. d4 d5 3. e5 Bf5 4. h4 h6 5. g4 Bh7 6. e6 fxe6 7. Nf3 Qc7 8. Bd3 Nd7 9. Bxh7 Rxh7 10. Qd3 Rh8 11. Qg6+ Kd8 12. Qxe6 Qd6 13. Qe2 Ngf6 14. g5 Ne8 15. Nc3 Nc7 16. Bd2 Qe6 17. Be3 b5 18. O-O-O Kc8 19. Rde1 Qf5 20. h5 hxg5 21. Bxg5 e6 22. Qe3 Bd6 23. Nh4 Qf7 24. Ng6 Rg8 25. Ne2 Kb7 26. Bf4 Bxf4 27. Nexf4 Rae8 28. Nd3 Qf5 29. Rh4 a5 30. Qg3 Nf6 31. Re5 Ne4 32. Nc5+ 1-0

[Event "British Columbia-ch"]
[Site "Vancouver CAN"]
[Date "2013.10.12"]
[Round "3.2"]
[White "Villavieja, Butch"]
[Black "Cao, Jason"]
[Result "1-0"]
[WhiteElo "2229"]
[BlackElo "2359"]
[PlyCount "81"]
[GameId "2160767909229195"]
[EventDate "2013.10.11"]
[EventType "tourn"]
[EventRounds "7"]
[EventCountry "CAN"]
[SourceTitle "EXT 2022"]
[Source "ChessBase"]
[SourceDate "2021.10.06"]
[SourceVersion "1"]
[SourceVersionDate "2021.10.06"]
[SourceQuality "1"]

1. d4 Nf6 2. Bg5 e6 3. e4 h6 4. Bxf6 Qxf6 5. Nf3 b6 6. Bd3 Bb7 7. Nbd2 d6 8. Qe2 Nd7 9. O-O-O O-O-O 10. Kb1 g5 11. e5 dxe5 12. dxe5 Qe7 13. Ba6 Bg7 14. Bxb7+ Kxb7 15. Qe4+ Kb8 16. Nb3 Nc5 17. Nxc5 Qxc5 18. h3 Rd5 19. c4 Rxd1+ 20. Rxd1 Qxf2 21. Nd4 Qf4 22. Nc6+ Ka8 23. Qxf4 gxf4 24. b4 Rg8 25. b5 f6 26. Rd7 Kb7 27. Kc2 fxe5 28. Kd3 Bf6 29. Rf7 Bh8 30. Ke4 Rg3 31. Nd8+ Kc8 32. Nxe6 Rxg2 33. Rxc7+ Kb8 34. Rf7 Rg8 35. Nc7 Rd8 36. Na6+ Ka8 37. Nb4 Rd4+ 38. Kf3 Rxc4 39. Nc6 Rc3+ 40. Ke4 Rc4+ 41. Kd5 1-0

[Event "British Columbia-ch"]
[Site "Vancouver CAN"]
[Date "2013.10.12"]
[Round "3.3"]
[White "Sohal, Tanraj"]
[Black "Cheng, Jack"]
[Result "1/2-1/2"]
[WhiteElo "2260"]
[BlackElo "2266"]
[PlyCount "36"]
[GameId "2160767909229196"]
[EventDate "2013.10.11"]
[EventType "tourn"]
[EventRounds "7"]
[EventCountry "CAN"]
[SourceTitle "EXT 2022"]
[Source "ChessBase"]
[SourceDate "2021.10.06"]
[SourceVersion "1"]
[SourceVersionDate "2021.10.06"]
[SourceQuality "1"]

1. d4 Nf6 2. c4 g6 3. Nc3 Bg7 4. e4 d6 5. Nf3 O-O 6. Be2 Nbd7 7. O-O e5 8. Qc2 exd4 9. Nxd4 Nc5 10. Be3 Re8 11. f3 a5 12. Rad1 Bd7 13. Kh1 h6 14. Rfe1 Nh5 15. g4 Nf6 16. h3 Nh7 17. Bf1 Nf8 18. Bg2 Nfe6 1/2-1/2

[Event "British Columbia-ch"]
[Site "Vancouver CAN"]
[Date "2013.10.12"]
[Round "3.4"]
[White "Wu, Howard"]
[Black "Lo, Ryan"]
[Result "1/2-1/2"]
[WhiteElo "2252"]
[BlackElo "2198"]
[PlyCount "52"]
[GameId "2160767909229197"]
[EventDate "2013.10.11"]
[EventType "tourn"]
[EventRounds "7"]
[EventCountry "CAN"]
[SourceTitle "EXT 2022"]
[Source "ChessBase"]
[SourceDate "2021.10.06"]
[SourceVersion "1"]
[SourceVersionDate "2021.10.06"]
[SourceQuality "1"]

1. e4 c5 2. Nf3 e6 3. d4 cxd4 4. Nxd4 a6 5. Nc3 Qc7 6. Bd3 Nf6 7. Nb3 Be7 8. Be3 d6 9. f4 Nbd7 10. Qf3 Rb8 11. O-O-O b5 12. g4 Nc5 13. f5 h5 14. g5 Ng4 15. Nxc5 dxc5 16. Bf4 Ne5 17. fxe6 fxe6 18. Bxe5 Bxg5+ 19. Kb1 Qxe5 20. Rhe1 b4 21. Nd5 Rb7 22. Bxa6 Rf7 23. Bb5+ Bd7 24. Bxd7+ Rxd7 25. Nb6 Rxd1+ 26. Rxd1 Qf4 1/2-1/2

[Event "British Columbia-ch"]
[Site "Vancouver CAN"]
[Date "2013.10.13"]
[Round "4.1"]
[White "Pechisker, Alfred"]
[Black "Lo, Ryan"]
[Result "1-0"]
[WhiteElo "2285"]
[BlackElo "2198"]
[PlyCount "91"]
[GameId "2160767909229198"]
[EventDate "2013.10.11"]
[EventType "tourn"]
[EventRounds "7"]
[EventCountry "CAN"]
[SourceTitle "EXT 2022"]
[Source "ChessBase"]
[SourceDate "2021.10.06"]
[SourceVersion "1"]
[SourceVersionDate "2021.10.06"]
[SourceQuality "1"]

1. d4 Nf6 2. c4 g6 3. Nc3 d5 4. Bg5 Ne4 5. Bh4 Nxc3 6. bxc3 dxc4 7. e3 Be6 8. Rb1 b6 9. Nf3 c6 10. Ne5 b5 11. Qf3 Bg7 12. Nxc6 Nxc6 13. Qxc6+ Bd7 14. Qc5 Rc8 15. Qxa7 Ra8 16. Qc5 Rxa2 17. Be2 h6 18. Bf3 g5 19. Bg3 O-O 20. O-O Qc8 21. Qxe7 Re8 22. Qd6 Bf8 23. Qc7 Qxc7 24. Bxc7 b4 25. cxb4 c3 26. Ba5 c2 27. Ra1 Rc8 28. Rac1 Rb8 29. Bd5 Rb2 30. Be4 Ba4 31. Ra1 Rc8 32. Rfc1 Bxb4 33. Bxb4 Rxb4 34. Kf1 Bb3 35. Ke1 Kg7 36. Kd2 Rbc4 37. Bd5 Rxd4+ 38. exd4 Bxd5 39. Rxc2 Rxc2+ 40. Kxc2 Bxg2 41. Kc3 Kf8 42. Re1 f5 43. Re5 f4 44. d5 Kf7 45. d6 Bc6 46. Kd4 1-0

[Event "British Columbia-ch"]
[Site "Vancouver CAN"]
[Date "2013.10.13"]
[Round "4.2"]
[White "Cheng, Jack"]
[Black "Wu, Howard"]
[Result "1-0"]
[WhiteElo "2266"]
[BlackElo "2252"]
[PlyCount "71"]
[GameId "2160767909229199"]
[EventDate "2013.10.11"]
[EventType "tourn"]
[EventRounds "7"]
[EventCountry "CAN"]
[SourceTitle "EXT 2022"]
[Source "ChessBase"]
[SourceDate "2021.10.06"]
[SourceVersion "1"]
[SourceVersionDate "2021.10.06"]
[SourceQuality "1"]

1. e4 c5 2. Nf3 Nc6 3. d4 cxd4 4. Nxd4 Nf6 5. Nc3 d6 6. Be2 g6 7. O-O Bg7 8. Be3 O-O 9. Nb3 Be6 10. f4 Qc8 11. h3 Rd8 12. Nd4 Nxd4 13. Bxd4 Bc4 14. f5 Bxe2 15. Qxe2 Nd7 16. Bxg7 Qc5+ 17. Kh1 Kxg7 18. Nd5 Nf6 19. Qf3 Qd4 20. fxg6 fxg6 21. Nc7 Qxe4 22. Nxa8 Rxa8 23. Qc3 Re8 24. Rae1 Qh4 25. Re6 Kf7 26. Qe3 Qa4 27. Re1 Nd5 28. Qf3+ Nf6 29. Qxb7 Nd7 30. Qd5 Kf8 31. Rf1+ Nf6 32. Qb3 Qd4 33. Qe3 Qa4 34. b3 Qc6 35. Qxa7 Qxc2 36. Rexf6+ 1-0

[Event "British Columbia-ch"]
[Site "Vancouver CAN"]
[Date "2013.10.13"]
[Round "4.3"]
[White "Cao, Jason"]
[Black "Sohal, Tanraj"]
[Result "0-1"]
[WhiteElo "2359"]
[BlackElo "2260"]
[PlyCount "96"]
[GameId "2160767909229200"]
[EventDate "2013.10.11"]
[EventType "tourn"]
[EventRounds "7"]
[EventCountry "CAN"]
[SourceTitle "EXT 2022"]
[Source "ChessBase"]
[SourceDate "2021.10.06"]
[SourceVersion "1"]
[SourceVersionDate "2021.10.06"]
[SourceQuality "1"]

1. e4 c5 2. Nf3 e6 3. d4 cxd4 4. Nxd4 Nf6 5. Nc3 Nc6 6. Ndb5 d6 7. Bf4 e5 8. Bg5 a6 9. Na3 b5 10. Nd5 Be7 11. Bxf6 Bxf6 12. c4 b4 13. Nc2 Rb8 14. b3 O-O 15. g3 a5 16. Bg2 Bg5 17. O-O Ne7 18. Nxe7+ Qxe7 19. Qd3 Rb6 20. Rad1 Bb7 21. f4 exf4 22. gxf4 Bf6 23. Nd4 Bxd4+ 24. Qxd4 Ra6 25. Rfe1 h6 26. Qf2 Qc7 27. Rd3 Re8 28. Qd4 f6 29. Rdd1 Re7 30. Qf2 Re8 31. Rd4 a4 32. Red1 axb3 33. axb3 Re7 34. h3 Re8 35. Kh2 Qc5 36. Qd2 Rd8 37. e5 Bxg2 38. Qxg2 fxe5 39. Rd5 Qe3 40. fxe5 Rf8 41. Kh1 Rf2 42. R5d3 Qf4 43. Rd4 Qf5 44. Qg3 Rf1+ 45. Kg2 Rxd1 46. Rxd1 Qc2+ 47. Qf2 Qxd1 48. e6 Qd3 0-1

[Event "British Columbia-ch"]
[Site "Vancouver CAN"]
[Date "2013.10.13"]
[Round "4.4"]
[White "Yoos, John"]
[Black "Villavieja, Butch"]
[Result "1-0"]
[WhiteElo "2381"]
[BlackElo "2229"]
[PlyCount "109"]
[GameId "2160767909229201"]
[EventDate "2013.10.11"]
[EventType "tourn"]
[EventRounds "7"]
[EventCountry "CAN"]
[SourceTitle "EXT 2022"]
[Source "ChessBase"]
[SourceDate "2021.10.06"]
[SourceVersion "1"]
[SourceVersionDate "2021.10.06"]
[SourceQuality "1"]

1. e4 e5 2. f4 Bc5 3. Nf3 d6 4. Nc3 Nf6 5. Bc4 Nc6 6. d3 a6 7. f5 h6 8. a3 Bd7 9. Qe2 b5 10. Ba2 Qb8 11. Nd5 Nxd5 12. Bxd5 Qa7 13. c3 Rb8 14. Rf1 Ne7 15. Bb3 c6 16. Nh4 Ng8 17. Bxf7+ Kxf7 18. Qh5+ Ke7 19. Ng6+ Kd8 20. Nxh8 Be8 21. Qh4+ Nf6 22. Bxh6 Be3 23. Bg5 Kc8 24. Ng6 Bxg5 25. Qxg5 Kb7 26. Qg3 Ka8 27. Qf2 Qf7 28. Qe2 c5 29. g4 Bc6 30. g5 Nd7 31. Rd1 Re8 32. Rf3 Kb7 33. Rh3 Kc7 34. Rh8 Rxh8 35. Nxh8 Qg8 36. Ng6 Qe8 37. Qh5 Qf7 38. Nf4 Qb3 39. Ne6+ Kb6 40. Qe2 g6 41. Rd2 gxf5 42. exf5 Qa2 43. c4 e4 44. dxe4 Ne5 45. g6 bxc4 46. g7 c3 47. bxc3 Qa1+ 48. Kf2 Bb5 49. Qd1 Qxc3 50. g8=Q Bd3 51. Qb8+ Ka5 52. Qc7+ Kb5 53. a4+ Kc4 54. Qxd6 Ng4+ 55. Kg1 1-0

[Event "British Columbia-ch"]
[Site "Vancouver CAN"]
[Date "2013.10.13"]
[Round "5.1"]
[White "Villavieja, Butch"]
[Black "Pechisker, Alfred"]
[Result "1-0"]
[WhiteElo "2229"]
[BlackElo "2285"]
[PlyCount "117"]
[GameId "2160767909229202"]
[EventDate "2013.10.11"]
[EventType "tourn"]
[EventRounds "7"]
[EventCountry "CAN"]
[SourceTitle "EXT 2022"]
[Source "ChessBase"]
[SourceDate "2021.10.06"]
[SourceVersion "1"]
[SourceVersionDate "2021.10.06"]
[SourceQuality "1"]

1. e4 c5 2. Nf3 d6 3. d4 cxd4 4. Nxd4 Nf6 5. Nc3 a6 6. Be2 Qc7 7. a4 b6 8. Nd5 Nxd5 9. exd5 Bb7 10. c4 Nd7 11. O-O g6 12. b3 Bg7 13. Bb2 O-O 14. Re1 Rae8 15. Bg4 Bc8 16. Rc1 a5 17. Nb5 Qd8 18. Bxg7 Kxg7 19. Qd4+ f6 20. Re3 Nc5 21. Bxc8 Qxc8 22. Rce1 Qd7 23. h4 Rf7 24. Qf4 Rg8 25. Nd4 Kh8 26. Qf3 h5 27. Qe2 Rgg7 28. Nc6 f5 29. f3 f4 30. Rxe7 Rxe7 31. Nxe7 Nxb3 32. Qe6 Qxe6 33. Rxe6 Nc5 34. Nxg6+ Kh7 35. Nxf4 Nxe6 36. dxe6 Kg8 37. Nd5 Kf8 38. Kf2 Rg6 39. Nf4 Rg8 40. Ke3 Ke7 41. Ke4 Rc8 42. Kd4 Rg8 43. Kd5 Rc8 44. g4 hxg4 45. fxg4 Rc5+ 46. Kd4 Kf6 47. g5+ Ke7 48. g6 Rf5 49. Ke4 Re5+ 50. Kf3 Kf6 51. h5 Kg7 52. Kg4 Re1 53. h6+ Kxh6 54. Kf5 Kg7 55. Nh5+ Kg8 56. g7 Re5+ 57. Kg6 Rxh5 58. Kxh5 Kxg7 59. Kg5 1-0

[Event "British Columbia-ch"]
[Site "Vancouver CAN"]
[Date "2013.10.13"]
[Round "5.2"]
[White "Sohal, Tanraj"]
[Black "Yoos, John"]
[Result "1/2-1/2"]
[WhiteElo "2260"]
[BlackElo "2381"]
[PlyCount "34"]
[GameId "2160767909229203"]
[EventDate "2013.10.11"]
[EventType "tourn"]
[EventRounds "7"]
[EventCountry "CAN"]
[SourceTitle "EXT 2022"]
[Source "ChessBase"]
[SourceDate "2021.10.06"]
[SourceVersion "1"]
[SourceVersionDate "2021.10.06"]
[SourceQuality "1"]

1. d4 Nf6 2. c4 g6 3. Nc3 Bg7 4. e4 d6 5. Nf3 O-O 6. Be2 e5 7. O-O Nc6 8. d5 Ne7 9. Ne1 Ne8 10. Nd3 f5 11. Bd2 Nf6 12. f3 Kh8 13. Rc1 c6 14. b4 a6 15. a4 a5 16. dxc6 Nxc6 17. b5 Nd4 1/2-1/2

[Event "British Columbia-ch"]
[Site "Vancouver CAN"]
[Date "2013.10.13"]
[Round "5.3"]
[White "Wu, Howard"]
[Black "Cao, Jason"]
[Result "0-1"]
[WhiteElo "2252"]
[BlackElo "2309"]
[PlyCount "52"]
[GameId "2160767909229204"]
[EventDate "2013.10.11"]
[EventType "tourn"]
[EventRounds "7"]
[EventCountry "CAN"]
[SourceTitle "EXT 2022"]
[Source "ChessBase"]
[SourceDate "2021.10.06"]
[SourceVersion "1"]
[SourceVersionDate "2021.10.06"]
[SourceQuality "1"]

1. e4 c5 2. Nf3 d6 3. d4 cxd4 4. Nxd4 Nf6 5. Nc3 a6 6. Bg5 e6 7. f4 h6 8. Bh4 Qb6 9. Qd2 Qxb2 10. Rb1 Qa3 11. f5 Be7 12. fxe6 fxe6 13. Bg3 Nc6 14. Nxc6 bxc6 15. Rb3 Qc5 16. Bd3 O-O 17. Bf2 Qe5 18. Bg3 Qa5 19. O-O e5 20. Bc4+ Kh8 21. Bf2 Qd8 22. Bb6 Qe8 23. Re1 Qg6 24. Qd3 Nh5 25. Ne2 Be6 26. Bf2 Qf7 0-1

[Event "British Columbia-ch"]
[Site "Vancouver CAN"]
[Date "2013.10.13"]
[Round "5.4"]
[White "Lo, Ryan"]
[Black "Cheng, Jack"]
[Result "1/2-1/2"]
[WhiteElo "2198"]
[BlackElo "2266"]
[PlyCount "54"]
[GameId "2160767909229205"]
[EventDate "2013.10.11"]
[EventType "tourn"]
[EventRounds "7"]
[EventCountry "CAN"]
[SourceTitle "EXT 2022"]
[Source "ChessBase"]
[SourceDate "2021.10.06"]
[SourceVersion "1"]
[SourceVersionDate "2021.10.06"]
[SourceQuality "1"]

1. d4 Nf6 2. c4 g6 3. Nc3 Bg7 4. e4 d6 5. f3 O-O 6. Be3 e5 7. Nge2 c6 8. Qd2 a6 9. Rd1 Nbd7 10. b4 Qe7 11. d5 c5 12. Nc1 b6 13. bxc5 Nxc5 14. Nb3 Nh5 15. Nxc5 bxc5 16. Rb1 f5 17. Kd1 Qc7 18. Kc2 Bd7 19. Bd3 Nf4 20. Rb3 Nxd3 21. Kxd3 Rab8 22. Rhb1 fxe4+ 23. fxe4 Rxb3 24. Rxb3 Rb8 25. Qb2 Rxb3 26. Qxb3 Bf6 27. Na4 Bd8 1/2-1/2

[Event "British Columbia-ch"]
[Site "Vancouver CAN"]
[Date "2013.10.14"]
[Round "6.1"]
[White "Pechisker, Alfred"]
[Black "Cheng, Jack"]
[Result "0-1"]
[WhiteElo "2285"]
[BlackElo "2266"]
[PlyCount "100"]
[GameId "2160767909229206"]
[EventDate "2013.10.11"]
[EventType "tourn"]
[EventRounds "7"]
[EventCountry "CAN"]
[SourceTitle "EXT 2022"]
[Source "ChessBase"]
[SourceDate "2021.10.06"]
[SourceVersion "1"]
[SourceVersionDate "2021.10.06"]
[SourceQuality "1"]

1. d4 Nf6 2. c4 g6 3. Nc3 Bg7 4. e4 d6 5. f3 O-O 6. Be3 Nc6 7. Nge2 a6 8. Qd2 Rb8 9. a4 Bd7 10. Rb1 a5 11. h3 e5 12. d5 Nb4 13. g4 Qe8 14. b3 c6 15. Ng3 Qe7 16. g5 Ne8 17. h4 f5 18. gxf6 Bxf6 19. h5 Bh4 20. Kf2 Qf6 21. Bg2 Bg4 22. Rbf1 Bxh5 23. Rxh4 Qxh4 24. Rh1 Qg4 25. Nxh5 gxh5 26. Ne2 Ng7 27. Bh6 Rf6 28. Rh3 Qg6 29. Bg5 Rf7 30. Rg3 Qxe4 31. Bh6 Qf5 32. Bh3 Qf6 33. Be6 Kh8 34. Bxf7 Nf5 35. Be6 Nxh6 36. Nc3 cxd5 37. cxd5 h4 38. Rh3 Nf5 39. Ne4 Qg6 40. Bxf5 Qxf5 41. Rxh4 Rf8 42. Ng5 Nd3+ 43. Kf1 Nf4 44. Nxh7 Rc8 45. Nf6+ Kg7 46. Ne4 Rh8 47. Rg4+ Kf8 48. Qxa5 Qc8 49. Qd2 Rh1+ 50. Rg1 Qh3+ 0-1